|
|
|
|
| LEADER |
01479nam a22002777a 4500 |
| 001 |
39600 |
| 003 |
BD-DhAAL |
| 008 |
221110t2010 bg ||||| b||| 00| 0 ben d |
| 999 |
|
|
|c 45021
|d 45021
|
| 020 |
|
|
|a 9840748246
|
| 040 |
|
|
|a BD-DhAAL
|c BD-DhAAL
|
| 041 |
|
|
|a ben
|
| 082 |
|
|
|a 909.09767101
|
| 100 |
|
|
|a ইসলাম, মোঃ রফিকুল
|9 52308
|
| 245 |
|
|
|a তুরস্কের খিলাফতের বিপর্যয়ে ভারত তথা বাংলার মুসলমানদের প্রতিক্রিয়া /
|c মোঃ রফিকুল ইসলাম.
|
| 246 |
|
|
|a Turasker khilafater biparjaye Bharat tatha Banglar musalmander pratikria
|
| 246 |
|
|
|a Reactions India particularly of Bengal muslims at the debacle of Tarkish Caliphate
|
| 260 |
|
|
|a ঢাকা :
|b বাংলা একাডেমী,
|c ২০১০.
|
| 300 |
|
|
|a ১০৩ পৃষ্ঠা ;
|c ২২ সে.মি.
|
| 504 |
|
|
|6 গ্রন্থপঞ্জিগত নির্দেশিকা অন্তর্ভুক্ত।
|
| 541 |
|
|
|a Donated By Akbar Ali Khan
|e 39600
|
| 650 |
|
|
|a Caliphate
|x History.
|9 52309
|
| 651 |
|
|
|a Islamic Empire
|x History
|y 622-661.
|9 52310
|
| 852 |
|
|
|a Ayesha Abed Library
|c Akbar Ali Khan Collection
|
| 942 |
|
|
|2 ddc
|c BK
|
| 952 |
|
|
|0 0
|1 0
|2 ddc
|4 0
|6 909_097671010000000_ISL
|7 1
|9 72309
|a BRACUL
|b BRACUL
|c CS1
|d 2022-11-10
|e Donated by Akbar Ali Khan
|g 80.00
|l 0
|o 909.09767101 ISL
|p 3010039600
|r 2022-11-10
|t 1
|w 2022-11-10
|y BK
|